Trouble for dutch and french construction industries (Record no. 5822)

MARC details
000 -LEADER
fixed length control field 00902cab a2200181 4500
001 - CONTROL NUMBER
control field WB2643-34
008 - FIXED-LENGTH DATA ELEMENTS--GENERAL INFORMATION
fixed length control field 090401t1990 xxu||||| |||| 00| 0 eng d
035 ## - SYSTEM CONTROL NUMBER
System control number (Sirsi) u9346
041 ## - LANGUAGE CODE
Language code of text/sound track or separate title eng
245 ## - TITLE STATEMENT
Title Trouble for dutch and french construction industries
260 ## - PUBLICATION, DISTRIBUTION, ETC.
Date of publication, distribution, etc. 1990
350 ## - PRICE (NR) (BK AM CF MU VM SE) [OBSOLETE]
Price 0
490 ## - SERIES STATEMENT
Series statement Contract Journal
Volume/sequential designation vol 356 no 5769 25/10/90 p13(2)
520 ## - SUMMARY, ETC.
Summary, etc. Dutch contractors are looking for opportunities for expansion in the Europe an construction market in areas such as Germany , as recession hits their own industry. The french construction industry is feeling the effect of the Gulf crisis with contracts being terminated in Kuwait and Iraq . Attempts have also been made to reduce corruption in France with a new law to monitor the contract awarding procedures with strict penalties for abuse of the system.
690 ## - LOCAL SUBJECT ADDED ENTRY--TOPICAL TERM (OCLC, RLIN)
Topical term or geographic name as entry element OVERSEAS-EUROPE
942 ## - ADDED ENTRY ELEMENTS (KOHA)
Suppress in OPAC 0
948 ## - LOCAL PROCESSING INFORMATION (OCLC); SERIES PART DESIGNATOR (RLIN)
c (OCLC) 04/03/1997
Holdings
Withdrawn status Lost status Source of classification or shelving scheme Damaged status Not for loan Home library Current library Shelving location Date acquired Total Checkouts Full call number Barcode Date last seen Copy number Price effective from Koha item type
    Dewey Decimal Classification     London London News article 14/09/1999   WB2643-34 9346-1001 06/08/2019 1 06/08/2019 News article